[Event "Bodensee op"]
[Site "Bregenz"]
[Date "2024.05.12"]
[Round "9"]
[White "Kostic, Stefan Aleksandar"]
[Black "Steiner, Kai"]
[Result "0-1"]
[WhiteElo "1780"]
[BlackElo "2039"]
[PlyCount "166"]
[EventDate "2024.05.04"]
[EventType "swiss"]
[EventRounds "9"]
[EventCountry "AUT"]
[SourceTitle "CB20_2024"]
[SourceDate "2024.05.16"]
[SourceVersion "1"]
[SourceVersionDate "2024.05.16"]
[SourceQuality "1"]

1. e4 c6 2. Nc3 d5 3. Qf3 dxe4 4. Nxe4 Nf6 5. Bc4 Nbd7 6. Nxf6+ exf6 7. Qg3 Ne5 8. Bb3 Ng6 9. Ne2 Bd6 10. Qe3+ Ne7 11. 0-0 0-0 12. Ng3 Ng6 13. d4 Re8 14. Qd3 Be6 15. c4 Qd7 16. f4 f5 17. Be3 Rad8 18. d5 Bb8 19. Rad1 Ne7 20. Bc5 cxd5 21. Bxe7 Qxe7 22. cxd5 Bc8 23. Nxf5 Qf6 24. Bc2 g6 25. Ng3 Qxb2 26. f5 Qb6+ 27. Kh1 Re3 28. Qd4 Qxd4 29. Rxd4 Bxg3 30. fxg6 Re1 31. gxf7+ Kf8 32. Rxe1 Bxe1 33. Bxh7 Kxf7 34. g4 Kg7 35. Bc2 Bf2 36. Rd2 Bc5 37. h3 Be6 38. Bb3 b5 39. Kh2 a5 40. a4 bxa4 41. Bxa4 Rxd5 42. Rxd5 Bxd5 43. Kg3 Be3 44. h4 Bd2 45. Kf2 Be6 46. Ke2 Bc3 47. Kf3 Be1 48. h5 Kh6 49. Kf4 Bd2+ 50. Kf3 Kg5 51. Ke2 Bf4 52. h6 Kxh6 53. Kf3 Kg5 54. Ke4 Kxg4 55. Bd1+ Kg5 56. Ba4 Bd6 57. Kd4 Kf4 58. Kd3 Ke5 59. Ke3 Bc4 60. Kd2 Kd5 61. Be8 Kc5 62. Kc2 Kb4 63. Bd7 a4 64. Bxa4 Kxa4 65. Kc3 Kb5 66. Kd4 Bc5+ 67. Ke5 Kc6 68. Kf5 Kd6 69. Kf4 Bd5 70. Kf5 Bd4 71. Kf4 Ke6 72. Kg5 Be5 73. Kg6 Be4+ 74. Kg5 Bf5 75. Kh4 Bf4 76. Kh5 Kf6 77. Kh4 Bh2 78. Kh5 Bg3 79. Kh6 Bg4 80. Kh7 Kf7 81. Kh8 Bf4 82. Kh7 Bf5+ 83. Kh8 Be5# 0-1

[Event "Bodensee op"]
[Site "Bregenz"]
[Date "2023.05.19"]
[Round "7"]
[White "Steiner, Kai"]
[Black "Biro, Sandor"]
[Result "1/2-1/2"]
[WhiteElo "2015"]
[BlackElo "2089"]
[PlyCount "60"]
[EventDate "2023.05.13"]
[EventType "swiss"]
[EventRounds "9"]
[EventCountry "AUT"]
[SourceTitle "CBM 215 Extra"]
[Source "ChessBase"]
[SourceDate "2023.09.30"]
[SourceVersion "1"]
[SourceVersionDate "2023.09.30"]
[SourceQuality "1"]

1. e4 e5 2. Nf3 Nc6 3. Bb5 g6 4. d4 exd4 5. Bg5 Be7 6. Bxe7 Ngxe7 7. Nxd4 0-0 8. Nc3 d5 9. Nxd5 Nxd4 10. Qxd4 Nxd5 11. Qxd5 Qe7 12. Qd3 Rd8 13. Qe2 Qg5 14. f3 Be6 15. Bd3 c5 16. b3 b5 17. Bxb5 c4 18. Bxc4 Bxc4 19. bxc4 Qa5+ 20. Kf1 Rd2 21. Qe1 Qc3 22. h3 Rad8 23. Kg1 Qd4+ 24. Kh2 Qe5+ 25. Qg3 Rxg2+ 26. Kxg2 Rd2+ 27. Qf2 Qg5+ 28. Kf1 Rxf2+ 29. Kxf2 Qd2+ 30. Kg3 Qg5+ 1/2-1/2